000 00373nam a22001217a 4500
008 230612b xxu||||| |||| 00| 0 eng d
082 _a354.676
_bGOK
245 _a2009/2010 Estimates of Recurrent Expenditure of the Government of Kenya for the Year Ending 30th June, 2010
260 _aNairobi,Kenya
_bGOK
_cJune,2009
300 _aX,1607p
440 _vIII
942 _2ddc
_cBK
999 _c1016
_d1016